000 00357nam a2200121 4500
999 _c13700
_d13700
008 190402b ||||| |||| 00| 0 eng d
100 _938097
_aKatigbak, Jose
245 _aUS: Phl involved in wildlife trafficking/
_cJose Katigbak
260 _aPhilippines:
_bThe Philippine Star;
_cc2018.
300 _apage 2.
650 0 _938098
_aCrime.
942 _2ddc
_cPER